Obnoviteľný zdroj energie - biomasa

Potenciál obnoviteľných zdrojov energie na Slovensku. Energie a teplo z biomasy. Druhy biomasy na energetické účely: lesná biomasa, poľnohospodárska biomasa, odpady z drevospracujúceho priemyslu, odpadová biomasa z priemyslu a komunálnej sféry, bioplyn. SWOT analýza biomasy. Výhody a nevýhody využív...

Descripción completa

Guardado en:
Detalles Bibliográficos
Autor principal: Majtán, Miroslav
Otros Autores: Šinský, Peter
Formato: Capítulo de libro
Lenguaje:eslovaco
Materias:
Etiquetas: Agregar Etiqueta
Sin Etiquetas, Sea el primero en etiquetar este registro!

MARC

LEADER 00000naa$a2200000$$$4500
001 0181136
005 20240502073113.7
041 0 |a slo 
044 |a SK 
245 1 0 |a Obnoviteľný zdroj energie - biomasa  |c Miroslav Majtán, Peter Šinský 
520 |a Potenciál obnoviteľných zdrojov energie na Slovensku. Energie a teplo z biomasy. Druhy biomasy na energetické účely: lesná biomasa, poľnohospodárska biomasa, odpady z drevospracujúceho priemyslu, odpadová biomasa z priemyslu a komunálnej sféry, bioplyn. SWOT analýza biomasy. Výhody a nevýhody využívania biomasy pre energetické účely. Bariéry pre intenzívnejšie využívanie biomasy. 
610 2 0 |a zdroje energie obnoviteľné 
610 2 0 |a biomasa 
610 2 0 |a odpad komunálny 
610 2 0 |a odpad 
610 2 0 |a bioplyn 
610 2 0 |a analýza swot 
610 2 0 |a energia tepelná 
100 1 |a Majtán, Miroslav 
700 1 |a Šinský, Peter